<?xml version="1.0" encoding="UTF-8"?>
<marc:record xmlns:marc="http://www.loc.gov/MARC21/slim">
   <marc:leader>00000nam a2200000 a 4500</marc:leader>
   <marc:datafield ind1="1" ind2=" " tag="100">
      <marc:subfield code="a">Swoboda Annette</marc:subfield>
      <marc:subfield code="4">aut</marc:subfield>
      <marc:subfield code="e">Verfasser/-in</marc:subfield>
   </marc:datafield>
   <marc:datafield ind1=" " ind2=" " tag="653">
      <marc:subfield code="a">Tiere</marc:subfield>
   </marc:datafield>
   <marc:datafield ind1=" " ind2=" " tag="653">
      <marc:subfield code="a">Kinderlied</marc:subfield>
   </marc:datafield>
   <marc:datafield ind1="0" ind2="0" tag="245">
      <marc:subfield code="a">Das kleine Liederbuch</marc:subfield>
   </marc:datafield>
   <marc:datafield ind1="0" ind2="0" tag="245">
      <marc:subfield code="b">die schönsten Tierlieder</marc:subfield>
   </marc:datafield>
   <marc:datafield ind1=" " ind2="1" tag="264">
      <marc:subfield code="b">Fischer-Taschenbuch-Verl.</marc:subfield>
      <marc:subfield code="c">2007</marc:subfield>
   </marc:datafield>
   <marc:datafield ind1="1" ind2=" " tag="520">
      <marc:subfield code="a">Kinder lieben nicht nur Tiere, sondern auch Tierlieder. Die schönsten und bekanntesten sind in diesem Band gesammelt: 'Alle meine Entchen', 'Ein Vogel wollte Hochzeit machen', 'Die Kuh, die saß im Schwalbennest', 'Der Katzentatzentanz', 'Auf der Mauer, auf der Lauer', 'Suse, liebe Suse, was raschelt im Stroh', 'Der Kuckuck und der Esel', 'Auf unserer Wiese gehet was', 'Fuchs, du hast die Gans gestohlen' und viele andere.</marc:subfield>
   </marc:datafield>
   <marc:datafield ind1=" " ind2=" " tag="020">
      <marc:subfield code="a">9783596852383</marc:subfield>
      <marc:subfield code="9">9783596852383</marc:subfield>
   </marc:datafield>
</marc:record>
